000 00222 a2200109 4500
001 63443
082 _a823 DEI
090 _c37501
_d37501
100 _aDeighton, L
245 _aLondon match
260 _aNY
_bPhilips
_c2000
942 _aNUST-CAE
_k823 DEI
999 _c298516
_d298516